| LEADER |
00948nam0a2200229 450 |
| 001 |
16845449 |
| 010 |
|
|
|a 978-2-7011-8377-0
|b cart.
|d 15,5
|
| 100 |
|
|
|a 20141209d2014 u u0frey01 ba
|
| 101 |
0 |
|
|a fre
|
| 102 |
|
|
|a FR
|
| 200 |
0 |
|
|a Consoles et jeux vidéo
|e comment ça marche ?
|f Cédric Ray et Laure Salès
|g illustrations de François Le Moël
|
| 207 |
|
1 |
|a
|
| 210 |
|
|
|a Paris
|c Belin jeunesse
|d 2014
|
| 215 |
|
|
|a 64 p.
|c illustrations en couleur
|d 25 cm
|
| 300 |
|
|
|a Glossaire
|
| 330 |
|
|
|a Pour tout savoir sur le thème des jeux vidéo : des pratiques de jeu à la fabrication d'une console en passant par les dernières innovations technologiques. Electre 2015
|
| 700 |
|
0 |
|a Ray
|b Cédric
|4 70
|
| 701 |
|
0 |
|a Salès
|b Laure
|4 70
|
| 702 |
|
0 |
|a Le Moël
|b François
|4 440
|
| 900 |
|
|
|a Documentaire jeunesse
|
| 901 |
|
|
|a Accessible au prêt
|
| 995 |
|
|
|a Bibliothèque
|c Bibliothèque
|f 00156009717372
|h 00156009717372
|k E 793 RAY
|o p
|q j
|r az
|e Bibliothèque
|